000 00670nam a2200241 a 4500
001 73341
003 BD-RjUL
005 20211209082402.0
008 170530s19621960enka 001 0 eng d
035 _a(BD-RjUL)73559
040 _aDLC
_cOClU
_dUk
_dDLC
_dBD-RjUL
_beng
041 _aeng
082 0 0 _a629.8323
_bSTS 1962
_223
100 1 _a Stockdale, Leonard Alfred
_9216933
245 _aServomechanisms /
_cLeonard Alfred Stockdale
260 _aLondon :
_bPitman,
_cc1962
300 _aviii, 295 p. :
_bill. ;
_c22 cm.
504 _aIncludes index.
650 0 _aServomechanisms
_939217
650 0 _aAutomation
_947029
942 _2ddc
_cBK
999 _c73341
_d73341